| 000 | 00353nam a2200145Ia 4500 | ||
|---|---|---|---|
| 100 | _aFaison T | ||
| 942 | _cBK | ||
| 654 | _aBorland C++ 4: Object oriented programming | ||
| 245 | _aBorland C++ 4 : Object Oriented Programming | ||
| 260 |
_bP.H.I. _aNew Delhi _c1995 |
||
| 082 | _a005.13 'C++' | ||
| 300 | _a875 | ||
| 546 | _aENGLISH | ||
| 999 |
_c25680 _d25680 |
||